| 000 | 00522 a2200169 4500 | ||
|---|---|---|---|
| 001 | 067822 | ||
| 003 | OSt | ||
| 005 | 20220106114833.0 | ||
| 008 | |||
| 082 |
_a809.8954 _bP93L |
||
| 100 | 1 | _aPriya Kumar | |
| 245 | 1 |
_aLimiting secularism _cby Priya Kumar |
|
| 260 |
_aRanikhet _bPermanent Black _c2008 |
||
| 300 | _a299p. | ||
| 653 | _aMotion pictures--Moral and ethical aspects; Secularism in literature; South Asian literature; India; Secularism in motion pictures | ||
| 942 |
_2ddc _cBK |
||
| 999 |
_c1680 _d1680 |
||